LEADER 00855nam0-22003011i-450- 001 990000706530403321 005 20160420095630.0 035 $a000070653 035 $aFED01000070653 035 $a(Aleph)000070653FED01 035 $a000070653 100 $a20020821d1963----km-y0itay50------ba 101 0 $aita 102 $aIT 105 $aa-------001yy 200 1 $a<>Cappella Pontano$fGiancarlo Alisio 210 $aNapoli$cArte tipografica$d1963 215 $a29 p.$cill.$d28 cm 300 $aEstratto da: Napoli Nobilissima, vol. III, fasc. I, mag.-giug. 1963 676 $a726.6 700 1$aAlisio,$bGiancarlo$f<1930-2005>$010378 801 0$aIT$bUNINA$gRICA$2UNIMARC 901 $aBK 912 $a990000706530403321 952 $aSEZ.NA M 9$b6503/1830$fFARBC 959 $aFARBC 996 $aCappella Pontano$9324097 997 $aUNINA LEADER 02780nam 2200625Ia 450 001 9910459474203321 005 20200520144314.0 010 $a1-282-82055-9 010 $a9786612820557 010 $a1-4422-0579-2 035 $a(CKB)2670000000059256 035 $a(EBL)662194 035 $a(OCoLC)701236958 035 $a(SSID)ssj0000414061 035 $a(PQKBManifestationID)12139762 035 $a(PQKBTitleCode)TC0000414061 035 $a(PQKBWorkID)10385993 035 $a(PQKB)10748643 035 $a(MiAaPQ)EBC662194 035 $a(Au-PeEL)EBL662194 035 $a(CaPaEBR)ebr10421406 035 $a(CaONFJC)MIL282055 035 $a(OCoLC)671655147 035 $a(EXLCZ)992670000000059256 100 $a20100326d2010 uy 0 101 0 $aeng 135 $aur|n|---||||| 181 $ctxt 182 $cc 183 $acr 200 14$aThe Church and abortion$b[electronic resource] $ea Catholic dissent /$fGeorge Dennis O'Brien 210 $aLanham, Md. $cRowman & Littlefield Publishers$dc2010 215 $a1 online resource (202 p.) 300 $aDescription based upon print version of record. 311 $a1-4422-0578-4 311 $a1-4422-0577-6 320 $aIncludes bibliographical references and index. 327 $aPreface; Chapter One; A Foundational Issue; Chapter Two; Abortion and Law; Chapter Three; Morality: Not Too Much Theory; Chapter Four; Rights, Persons, and Pregnancy; Chapter Five; Church Morality; Chapter Six; Notable Lacks and Present Temptations; Afterword; For Further Reading; References; About the Author 330 $aThis provocative book takes a critical look at what is increasingly viewed as the central political issue for Catholics-abortion. From pro-choice politicians being denied communion to Democrats being called ""the party of death,"" for some of the most vocal Catholic leaders, the abortion issue often trumps all others. The author, a practicing Catholic who is against abortion in principle, believes the Church is on the wrong course with this issue, with grievous results for the Church and American society more broadly. He gives a brief history of abortion legislation, then exp 606 $aAbortion$xGovernment policy$zUnited States 606 $aAbortion$xReligious aspects 606 $aAbortion$xMoral and ethical aspects 608 $aElectronic books. 615 0$aAbortion$xGovernment policy 615 0$aAbortion$xReligious aspects. 615 0$aAbortion$xMoral and ethical aspects. 676 $a261.8/360973 700 $aO'Brien$b Dennis$f1931-$0160379 801 0$bMiAaPQ 801 1$bMiAaPQ 801 2$bMiAaPQ 906 $aBOOK 912 $a9910459474203321 996 $aThe Church and abortion$91953458 997 $aUNINA LEADER 01034nam a2200265 i 4500 001 991003890299707536 005 20020509133906.0 008 960614s1989 it ||| | ita 020 $a8820434334 035 $ab11230204-39ule_inst 035 $aPARLA190669$9ExL 040 $aDip.to scienze storiche$bita 082 0 $a324.2450740924 100 1 $aGnocchi-Viani, Osvaldo$0253792 245 10$aOltre la politica :$bvalori e istituzioni per una societa nuova /$cOsvaldo Gnocchi-Viani ; a cura e con un saggio introduttivo di Giovanna Angelini 260 $aMilano :$bAngeli,$c1989 300 $a270 p.: 1 ritr. ;$c22 cm. 440 3$aLa societa italiana moderna e contemporanea ;$v16 700 1 $aAngelini, Giovanna 907 $a.b11230204$b21-09-06$c01-07-02 912 $a991003890299707536 945 $aLE009 STOR.69.1-96$g1$i2009000027091$lle009$o-$pE0.00$q-$rl$s- $t0$u1$v0$w1$x0$y.i11385613$z01-07-02 996 $aOltre la politica$9867216 997 $aUNISALENTO 998 $ale009$b01-01-96$cm$da $e-$fita$git $h0$i1